Southville International School and Colleges
Your cart is empty.
  • Cart
  • Lists
    Public lists Eva Luna New books Lux_list list_1
    Your lists Log in to create your own lists
  • Log in to your account
  • Your cookies
  • Search history
Southville International School and Colleges
  • Advanced search
  • Recent comments
  • Most popular
  • Libraries

Log in to your account

Log in with GOOGLE


If you do not have an external account, but do have a local account, you can still log in:

  1. Home
  2. MARC view: Walt Disney's Winnie the Pooh and the honey tree /
Normal view MARC view ISBD view

Walt Disney's Winnie the Pooh and the honey tree / (Record no. 306640)

[ view plain ]
MARC details
000 -LEADER
fixed length control field 00622nam a2200217Ia 4500
008 - FIXED-LENGTH DATA ELEMENTS--GENERAL INFORMATION
fixed length control field 170203s9999 xx 000 0 und d
020 ## - INTERNATIONAL STANDARD BOOK NUMBER
International Standard Book Number 0-721411967
050 ## - LIBRARY OF CONGRESS CALL NUMBER
Classification number Fic
050 ## - LIBRARY OF CONGRESS CALL NUMBER
Item number D812
100 ## - MAIN ENTRY--PERSONAL NAME
Personal name Milne, A.A.
245 ## - TITLE STATEMENT
Title Walt Disney's Winnie the Pooh and the honey tree /
245 ## - TITLE STATEMENT
Statement of responsibility, etc A.A. Milne.
250 ## - EDITION STATEMENT
Edition statement 1st ed.
260 ## - PUBLICATION, DISTRIBUTION, ETC. (IMPRINT)
Place of publication, distribution, etc Loughborough, Leicestershire
260 ## - PUBLICATION, DISTRIBUTION, ETC. (IMPRINT)
Name of publisher, distributor, etc Ladybird books Ltd.
260 ## - PUBLICATION, DISTRIBUTION, ETC. (IMPRINT)
Date of publication, distribution, etc 1989
650 ## - SUBJECT ADDED ENTRY--TOPICAL TERM
Topical term or geographic name as entry element Winnie-the-Pooh -- (Fictitious character)
650 ## - SUBJECT ADDED ENTRY--TOPICAL TERM
Topical term or geographic name as entry element Winnie-the-Pooh -- (Fictitious character) --
650 ## - SUBJECT ADDED ENTRY--TOPICAL TERM
General subdivision Juvenile fiction.
700 ## - ADDED ENTRY--PERSONAL NAME
Personal name Disney, Walt, 1901-1966
Holdings
Withdrawn status Lost status Damaged status Home library Current library Shelving location Date acquired Total Checkouts Full call number Barcode Date last seen Price effective from Koha item type
      Stonyhurst Southville International School (Batangas) Stonyhurst Southville International School (Batangas)   02/03/2017   Fic .D812 1989 LS-2327 02/03/2017 02/03/2017 Books

Walt Disney's Winnie the Pooh and the honey tree /

APA

Milne A., Disney W. 1., .Walt Disney's Winnie the Pooh and the honey tree. Loughborough, Leicestershire: .

Chicago

Milne A.A, Disney Walt 1901-1966, .Walt Disney's Winnie the Pooh and the honey tree. Loughborough, Leicestershire: .

Harvard

Milne A., Disney W. 1., .Walt Disney's Winnie the Pooh and the honey tree. Loughborough, Leicestershire: .

MLA

Milne A.A, Disney Walt 1901-1966, .Loughborough, Leicestershire: . .

  • Place hold
  • Print
  • Cite
  • Add to your cart (remove)
  • Save record
    BIBTEX Dublin Core MARCXML MARC (non-Unicode/MARC-8) MARC (Unicode/UTF-8) MARC (Unicode/UTF-8, Standard) MODS (XML) RIS
  • More searches
    Search for this title in:
    Other Libraries (WorldCat) Other Databases (Google Scholar) Online Stores (Bookfinder.com) Open Library (openlibrary.org)

Exporting to Dublin Core...

SOUTHVILLE LIBRARY

Southville International School and Colleges Library

1281 Tropical Ave. Cor. Luxembourg St., BF Homes International, Las Pinas City

Tel. No. 8256374 / 252358 Loc. 117/146

Powered by Koha